zpět

Detail výsledku týmu

Na Dobrým místě, Úvaly

Datum a čas kvízu

20.5 Celkem bodů Celkový počet nahraných bodů na tomto kvízu bez doplňovacích otázek.
7. Pořadí na kvízu Konečné umístění týmu na tomto kvízu.

Zaznamenané odpovědi

# Otázka Odpověď Body Výsledky
1. Vláda schválila nový významný... 30. březen 0
2. Kterým dvěma politikům praskla... Andrej Babiš, Emmanuel Macron 0.5
3. Který hororový snímek získal v... Hříšníci/Sinners 0
4. Minulý týden se měnilo pořadí... Michal Strnad 0
5. Která tenistka zaujala při vst... Naomi Ósaka 0
6. Jak se jmenuje horolezec, jenž... Radek Jaroš 0
7. Jak se trojslovně jmenuje tato... lezení na rychlost 1
8. Jak se jedním slovem nazývá ho... mačky 1
9. Za půl bodu napište jméno ikon... Matterhorn, Švýcarsko a Itálie 0
10. Jak se jmenuje fenomenální slo... B) Janja Garnbret 0